| Поле | Название | Значение |
| |
Тип записи |
a |
| |
Библиографический уровень |
m |
| 001 |
Контрольный номер |
RU/ГПНТБ России/KNIGADB/26.89(2Рос)/Б 88-246808082 |
| 005 |
Дата корректировки |
20241122161316.2 |
| 010 |
Индекс ISBN |
__ |
| a |
ISBN |
978-5-17-151922-3 |
| b |
Уточнения |
в пер. |
| 9 |
Тираж |
2500 экз. |
| d |
Цена |
521-40 |
| 100 |
Данные общей обработки |
__ |
| a |
Данные общей обработки |
20240613d2024 demy0rusy028902 ca |
| 101 |
Язык документа |
0_ |
| a |
Язык текста |
rus |
| 102 |
Страна публикации |
__ |
| a |
Страна публикации |
RU |
| 105 |
Кодированные данные (монография) |
__ |
| a |
Кодированные данные (монография) |
a z 000yy |
| 181 |
Поле кодированных данных: вид содержания |
_0 |
| a |
Код вида содержания (ISBD) |
i |
| 181 |
Поле кодированных данных: вид содержания |
_0 |
| a |
Код вида содержания (ISBD) |
b |
| 182 |
Поле кодированных данных: тип средства |
_0 |
| a |
Код типа средства (ISBD) |
n |
| 200 |
Заглавие и сведения об ответственности |
1_ |
| a |
Заглавие |
Чудеса России |
| e |
Сведения, относящиеся к заглавию |
[более 60 объектов, более 300 фотографий России] |
| e |
Сведения, относящиеся к заглавию |
для среднего школьного возраста |
| f |
Первые сведения об ответственности |
Л. М. Бросалина |
| 203 |
Вид содержания и тип средства |
__ |
| a |
Вид содержания |
Текст |
| a |
Вид содержания |
Изображение |
| c |
Тип средства |
непосредственные |
| 210 |
Выходные данные |
1_ |
| a |
Место издания |
Москва |
| c |
Издательство |
Аванта |
| c |
Издательство |
АСТ |
| d |
Дата издания |
2024 |
| 215 |
Физическое описание |
__ |
| a |
Объем |
127 с. |
| c |
Иллюстрации/тип воспроизводства |
цв. ил., фот. |
| d |
Формат |
27 см |
| 225 |
Серия |
2_ |
| a |
Серия |
Моя Россия |
| 300 |
Общие примечания |
__ |
| a |
Общие примечания |
Автор указан в выпускных данных |
| 330 |
Аннотация |
__ |
| a |
Аннотация |
Верите ли вы в чудеса? Мы точно верим! Ведь удивительная красота нашей Родины: высоченные горы (например, входящий в мировую "семерку" Эльбрус), длиннющие реки (Лена, Иртыш, Обь, Енисей, Амур, Волга), гигантские плато (Путорано), невероятные по площади болота (Васюганские), многоступенчатые водопады (Тальниковый, Кинзелюкский, Зейгеланский, Большой Чульчинский, Кивач), сложнейшие пещеры (Кунгурская, Батовская, Капова), глубочайшие озера (Байкал) - это настоящие чудеса, которые создает природа. А уникальные рукотворные сооружения: древние города с кремлями, современные высотки (башня Исеть в Екатеринбурге, комплекс "Федерация" в Москве), мосты (вантовый мост во Владивостоке), башни (Останкинская телебашня) - чудеса, созданные людьми, соревнующимися в природой! |
| 606 |
Тематические рубрики |
__ |
| a |
Основная рубрика |
Страноведение |
| y |
Географическая подрубрика |
Российская Федерация |
| 2 |
Код системы |
nlr_sh |
| 606 |
Тематические рубрики |
__ |
| a |
Основная рубрика |
География |
| y |
Географическая подрубрика |
Российская Федерация |
| 2 |
Код системы |
nlr_sh |
| 610 |
Ключевые слова |
1_ |
| a |
Ключевые слова |
география России |
| 610 |
Ключевые слова |
1_ |
| a |
Ключевые слова |
природные памятники |
| 610 |
Ключевые слова |
1_ |
| a |
Ключевые слова |
памятники природы |
| 610 |
Ключевые слова |
1_ |
| a |
Ключевые слова |
природа России |
| 610 |
Ключевые слова |
0_ |
| a |
Ключевые слова |
достопримечательности |
| 610 |
Ключевые слова |
0_ |
| a |
Ключевые слова |
горы |
| 610 |
Ключевые слова |
0_ |
| a |
Ключевые слова |
острова |
| 610 |
Ключевые слова |
0_ |
| a |
Ключевые слова |
пещеры |
| 610 |
Ключевые слова |
0_ |
| a |
Ключевые слова |
монастыри |
| 610 |
Ключевые слова |
0_ |
| a |
Ключевые слова |
озера |
| 610 |
Ключевые слова |
0_ |
| a |
Ключевые слова |
детская литература |
| 610 |
Ключевые слова |
0_ |
| a |
Ключевые слова |
подростковая литература |
| 610 |
Ключевые слова |
0_ |
| a |
Ключевые слова |
памятники архитектуры |
| 610 |
Ключевые слова |
0_ |
| a |
Ключевые слова |
водопады |
| 610 |
Ключевые слова |
0_ |
| a |
Ключевые слова |
вулканы |
| 610 |
Ключевые слова |
0_ |
| a |
Ключевые слова |
долины |
| 610 |
Ключевые слова |
0_ |
| a |
Ключевые слова |
заповедники |
| 610 |
Ключевые слова |
1_ |
| a |
Ключевые слова |
архитектурные памятники |
| 610 |
Ключевые слова |
0_ |
| a |
Ключевые слова |
гидроэлектростанции |
| 610 |
Ключевые слова |
0_ |
| a |
Ключевые слова |
крепости |
| 610 |
Ключевые слова |
1_ |
| a |
Ключевые слова |
знаменитые места |
| 610 |
Ключевые слова |
1_ |
| a |
Ключевые слова |
интересные места |
| 686 |
Индексы других классификаций |
__ |
| 2 |
Код системы |
rubbks |
| a |
Классификационный индекс |
26.890(2Рос); ст26.89(2Рос) |
| 700 |
Автор |
_1 |
| a |
Фамилия |
Бросалина |
| b |
Имя |
Л. М. |
| g |
Полное личное имя |
Любовь Михайловна |
| f |
Даты |
1981- |
| 4 |
Код отношения |
070 |
| 801 |
Источник записи |
_0 |
| 8 |
|
ARU |
| 8 |
|
BNLR |
| 8 |
|
C20221129 |
| 8 |
|
GRCR |
| g |
Правила каталогизации |
PSBO |
| 801 |
Источник записи |
_1 |
| 8 |
|
ARU |
| 8 |
|
BNLR |
| 8 |
|
C20221129 |
| 2 |
Код формата |
rusmarc |
| g |
Правила каталогизации |
PSBO |
| 801 |
Источник записи |
_2 |
| 8 |
|
ARU |
| 8 |
|
BNLR |
| 8 |
|
C20221213 |
| 2 |
Код формата |
rusmarc |
| g |
Правила каталогизации |
PSBO |
| 801 |
Источник записи |
_0 |
| b |
Организация |
ГПНТБ России |
| a |
Страна |
RU |
| c |
Дата составления |
20240613 |
| g |
Правила каталогизации |
PSBO |
| 801 |
Источник записи |
_1 |
| b |
Организация |
ГПНТБ России |
| a |
Страна |
RU |
| c |
Дата составления |
20240613 |
| g |
Правила каталогизации |
PSBO |
| 852 |
Данные о местонахождении |
5_ |
| j |
Шифр хранения |
26.890(2Рос) |
| i |
Авторский знак |
Б 88 |
| 900 |
Макрообъекты |
__ |
| a |
Макрообъекты |
Чудеса России. Бросалина, Л. М. , 2024 |
| 901 |
Тип документа |
__ |
| a |
Ответственный |
КиК/Котельникова |
| t |
Тип документа |
m |
| 903 |
Характеристики (МАРС) |
__ |
| a |
Дата передачи |
20240613 |
| c |
Наименование библиотеки (МАРС) |
Муниципальное бюджетное учреждение культуры "Централизованная библиотечная система" г. Сургут (Центральная городская библиотека им. А. С. Пушкина) |
| 990 |
Данные о заказе (DOS) |
__ |
| j |
Количество экземпляров (DOS) |
7 |
| t |
N записи в КСУ для И/У (DOS) |
202407 |